World Trade Organization : International trade statistics 2005.
| Format: | Book |
|---|---|
| Published: |
Geneva:
World Trade Organisation,
2005.
|
| Subjects: |
| LEADER | 00437cam a2200133 7i4500 | ||
|---|---|---|---|
| 001 | 0000017303 | ||
| 005 | 20060419090000.0 | ||
| 020 | 0 | 0 | |a 92-870-3313-7 |
| 090 | 0 | 0 | |a I 382.1042 |b WOR |
| 245 | 0 | 0 | |a World Trade Organization : |b International trade statistics 2005. |
| 260 | 0 | 0 | |a Geneva: |b World Trade Organisation, |c 2005. |
| 300 | # | # | |a 258 p. |
| 650 | 0 | 0 | |a International trade -- |x Statistics |
| 999 | |a B000018470 |b Book |c International |e Business Information Centre | ||


